000 01574nam a22002537a 4500
005 20161028155126.0
008 161028s2001 ck |||fr|||| 00| 0 spa d
040 _cSandra Yazo
_dSandra Yazo
041 0 _aspa
082 0 4 _220
_a027
092 _aE63N092
110 2 _93870
_aArchivo General de la Nación (Colombia)
245 1 4 _a"El Archivo General de la Nación de Colombia: Diseño y Funcionalidad"
260 _aBogotá (Colombia)
_bArchivo General de la Nación
_c2001
300 _a20 páginas
_c24 x 18 cm
500 _aDetalles físicas: Encuadernación flexible. Tapas impresas con datos de publicación. Texto impreso en una sola columna. Ejemplar en buen estado de conservación
505 0 _aLos archivos en Colombia. Origen institucional ; Proyectos para dotar de sede propia al Archivo Nacional de Colombia ; Consideraciones arquitectónicas ; Clima externo y microclima al interior de los depósitos ; Modelo de comportamiento climático ; Sistema de control de filtrado de aire ; Control de iluminación ; Sistema contra incendio ; Protección contra la flora y fauna ; Otras zonas del Archivo ; Sistema de almacenamiento ; Espacios para el usuario ; Áreas técnicas, clasificación, división administrativa y financiera ; Vigilancia y seguridad
506 _aConsulta en sala
610 2 7 _93870
_aArchivo General de la Nación (Colombia)
650 7 _944348
_aArchivos
_z Bogotá (Colombia)
650 7 _99325
_aArchivos históricos
_zBogotá (Colombia)
690 _aBibliotecología
_910049
942 _2LOCAL
_cLIBRO
_e1
_hE63N092
999 _c305392
_d305392